000 00928nas a2200289 4500
001 BR2018002241
003 BR-BrBNA
005 20231205131443.0
007 ta
008 230509b bl.|||p| |||| 00| 00por d
040 _aBR-BrBNA
_bpor
_cBiblioteca Nacional de Agricultura
041 _a(Pt)
072 _aK10
100 1 _aBatista, A.F.
100 1 _aSantos, G.A. dos
100 1 _aSilva, L.D.
100 1 _aQuevedo, F.F.
100 1 _aAssis, T.F. de
245 1 _aInfluência do sistema de corte basal de miniestacas na propagação clonal de híbrido de Eucalyptus urophylla x Eucalyptus globulus subsp. maidenii
650 _aEUCALIPTO
650 _aPROPAGAÇÃO VEGETATIVA
650 _aENRAIZAMENTO
650 _aVIVEIRO
773 0 _tRevista Árvore (Brazil)
_xISSN 0100-6762
_g(Nov-Dec 2014), v. 38(6) p. 1115-1122
_wBR2018002241
909 _a202311
_bLúcia
_c55
_dLúcia Elande
942 _2AGRIS
_n0
_cANA
999 _c254911
_d254911